Gry od A do Z - Statystyki

Ogólne statystyki
  • Ten quiz został rozwiązany 26 razy
  • Średni wynik to 3 z 21
Statystyki odpowiedzi
Litera Nazwa Studia Rok Wydania Nazwa Gry % Poprawnych
M Mojang Studios 18.11.2011 Minecraft
95%
R Capcom 01.08.1996 Resident Evil
43%
D id Software 20.03.2020 Doom Eternal
24%
A Remedy Entertainment 14.05.2010 Alan Wake
19%
B Irational Games 21.08.2007 Bioshock
19%
O Red Barells 04.09.2013 Outlast
19%
N PlatinumGames 23.02.2017 NieR: Automata
14%
C Remedy Entertainment 27.08.2019 Control
10%
F Monolith Productions , Day 1 Studios 18.10.2005 F.E.A.R.
10%
G Polyphony Digital 04.03.2022 Gran Turismo 7
10%
H Frozen District , PlayWay 17.05.2018 House Flipper
10%
P Arkane Studios 05.05.2017 Prey
10%
E Reality Pump Studios 15.06.1998 Earth 2140
5%
K X-Ray Interactive , Microsoft Windows 23.11.2000 Kangurek Kao
5%
L CI Games , Deck 13 28.10.2014 Lords Of The Fallen
5%
S YAGER 26.06.2012 Spec Ops: The Line
5%
Z Sam Eng, Snowhydra 18.10.2018 Zarvot
5%
I Berzerk Studio 14.02.2022 Infernax
0%
J Happinet 21.03.2019 Junk Planet
0%
T Metropolis Software 02.02.1995 Teenagent
0%
W Saber Interactive 19.09.2021 World War Z: Aftermath
0%
Nie znaleziono quizów pasujących do podanych kryteriów
Rozkład punktacji
Procent ludzi z każdym wynikiem
Percentyl według liczby udzielonych odpowiedzi
Twoja historia wyników
Nie rozwiązałeś tego quizu